000
00242nam a22001097a 4500
020
_a
0618042806
100
_a
Kevin Ryan & James M Cooper
245
_a
Kaleidoscope readings in education
250
_a
9th ed
260
_c
2001
942
_c
BK
999
_c
252139
_d
252138